000 00372nam a22001217a 4500
999 _c10376
_d10376
003 OSt
008 201218b ||||| |||| 00| 0 eng d
245 _aPacific Journal of Semiconductor Science and Technology
250 _a2016(Jul-Dec Vol.4 No.2)
260 _aNew Delhi
_bOcean Research Journals
650 _aElectronics and Communication Engineering
942 _2ddc
_cBV